000 00369nam a2200157Ia 4500
008 230524s9999 xx 000 0 und d
020 _a8179923308
082 _bSHA
100 _aRobin Sharma
_917550
245 0 _aFamily Wisdom
250 _a1
260 _aBangalore
_bJaico
_c2011
500 _aQuantity Number: 1
650 _aMiscellanies
_917551
942 _cBK
999 _c26552
_d26552